00631nam a2200157 a 450000100100000000500170001000800410002704000250006810000370009324500750013026000520020530000370025750000570029495201050035199900170045600003948820201002031656.0130703s19uu dr ac 000 0 spa d aDO-SdBNPbspacBNPHU1 aNina De la Rosa, Emiliano96567210aRío arriba :bmemorias de un triunfador /cEmiliano Nina de la Rosa. a[Santo Domingo] :bProyecto Gráfico,c[19-?]. a219 p. :bils., retrs. ;c22 cm. aIncluye datos biográficos del autor en las solapas 0010718PDaPDbPDcCTd2013-07-03iLF1l0o p39488-10r2020-06-25w2020-06-25yLFPDZNo se presta c38978d38978